000 00558nam a2200157 a 4500
001 000006077
005 20200929151922.0
008 090826s2000 dr a r 000 0 spa d
020 _a9993425109
040 _aDO-SdBNP
_bspa
_cBNPHU
082 _axxxx
_bxxxx
245 0 0 _aEducación dominicana y construcción del conocimiento /
_cJosé Luis Álvarez... [et al.].
260 _aSanto Domingo :
_bInstituto Tecnológico de Santo Domingo,
_c2000.
300 _a275 p. :
_bil. ;
_c21 cm.
500 _aIncluye referencias bibliográficas y notas al pie de las págias
999 _c5873
_d5873